Κορίννα, ή, Τα ιταλικά
Αποθηκεύτηκε σε:
| Κύριος συγγραφέας: | |
|---|---|
| Άλλοι συγγραφείς: | |
| Μορφή: | Βιβλίο |
| Γλώσσα: | Greek French |
| Δημοσίευση: |
Εν Αθήναις :
Εκ της τυπογρ. Κ. Ραλλη,
1835-1836.
|
| Θέματα: | |
| Ετικέτες: |
Προσθήκη ετικέτας
Δεν υπάρχουν, Καταχωρήστε ετικέτα πρώτοι!
|
MARC
| LEADER | 00000cam a2200000 i 4500 | ||
|---|---|---|---|
| 001 | 1/66786 | ||
| 008 | 150212m18351836gr | ||l |||| ||gre|| | ||
| 035 | |l 10121039 | ||
| 040 | |a GR-MyUA |b gre |e AACR2 | ||
| 041 | 1 | |a gre |h fre | |
| 082 | 0 | |a 843.6 |2 (23) | |
| 100 | 1 | |a Staël, |c Madame de |q (Anne-Louise-Germaine), |d 1766-1817. | |
| 245 | 1 | 0 | |a Κορίννα, ή, Τα ιταλικά / |c της κυρίας Στάελ ; εκ του γαλλικού υπό Ε. Α. Σίμου. |
| 260 | |a Εν Αθήναις : |b Εκ της τυπογρ. Κ. Ραλλη, |c 1835-1836. | ||
| 300 | |a 4τ. (ξβ', 238, 294, 317, 354 σ.) ; |c 16 εκ. | ||
| 500 | |a Στον τ.1 στο recto σφραγίδα "Πορφυριάς Αστική Σχολή Καρλοβασίων" με αρ. 219. Στον τ.2 στο recto σφραγίδα "Πορφυριάς Αστική Σχολή Καρλοβασίων" με αρ. 220. Στον τ.3 στο recto σφραγίδα "Πορφυριάς Αστική Σχολή Καρλοβασίων" με αρ. 221. , Στον τ.4 στο recto σφραγίδα "Πορφυριάς Αστική Σχολή Καρλοβασίων" με αρ. 222. | ||
| 500 | |a Τίτλος πρωτοτύπου: Corinne, ou, L'Italie. | ||
| 650 | 0 | 0 | |a French fiction |y 1789-1815. |
| 651 | 0 | |a Italy |x Description and travel. | |
| 700 | 1 | |a Σίμος, Ε. Α. |e trl [Μεταφραστής] | |
| 852 | |a INST |b SAMOS |c PORFYRIADA |e 20151113 |h 843.6 STA |p 005300041667 |q 005300041667 |t NOLOAN |v τομ.2: |y 23 | ||
| 852 | |a INST |b SAMOS |c PORFYRIADA |e 20151113 |h 843.6 STA |p 005300041668 |q 005300041668 |t NOLOAN |v τομ.4: |y 23 | ||
| 852 | |a INST |b SAMOS |c PORFYRIADA |e 20151113 |h 843.6 STA |p 005300041680 |q 005300041680 |t NOLOAN |v τομ.1: |y 23 | ||
| 852 | |a INST |b SAMOS |c PORFYRIADA |e 20151113 |h 843.6 STA |p 005300041681 |q 005300041681 |t NOLOAN |v τομ.3: |y 23 | ||
| 901 | |a BIBL3-2015-1 | ||
| 909 | |a Σ |b 186177 | ||
| 909 | |a Σ |b 186178 | ||
| 909 | |a Σ |b 186190 | ||
| 909 | |a Σ |b 186191 | ||
| 970 | |a ΣΙΤΖΙΜΗ |b ΓΙΑΣΕΜΗ |z 2015/02/12 | ||